Statistics for History of Nuclear Weapons

Click here to take the quiz!

General Stats

  • This quiz has been taken 32,321 times
  • The average score is 15 of 20

Answer Stats

HintAnswer% Correct
First country to possess nuclear weaponsUnited States
100%
The only country to be attacked by nuclear weaponsJapan
99%
Cities which were attackedHiroshima
98%
Cities which were attackedNagasaki
97%
What the A stands for in "A-Bomb"Atomic
94%
What the H stands for in "H-Bomb"Hydrogen
92%
Name of the U.S. project to develop nuclear weaponsThe {Manhattan} Project
84%
Elements which provided the fissile material used in those bombsUranium
81%
Cloud of dust and debris that rises from an extremely large explosion,
such as one from a nuclear weapon
{Mushroom} cloud
77%
Names of the bombs which were droppedLittle Boy
76%
Scientists who wrote a letter to FDR in 1939, warning him that Germans
might develop nuclear weapons (name either)
Leo Szilard /
Albert Einstein
72%
Scientist referred to as the "father of the atomic bomb"J. Robert Oppenheimer
67%
Elements which provided the fissile material used in those bombsPlutonium
67%
Names of the bombs which were droppedFat Man
65%
The most powerful bomb ever tested{Tsar} Bomba
57%
Explosive yield of that bomb50 {Megaton}s
56%
Name of the plane which dropped the first of those bombsEnola Gay
54%
Famous quote from the above, on the occasion of the first
successful nuclear bomb test
Now I am become {Death},
the destroyer of worlds
54%
Four letter term for a missile capable of delivering nuclear weapons
to a different continent
ICBM
52%
Term for the briefcase which holds the device that would allow
the U.S. President to authorize a nuclear attack
Nuclear {football}
36%

Score Distribution

Percentile by Number Answered

Percent of People with Each Score

Your Score History

You have not taken this quiz